000 01407nam a22003137a 4500
003 OSt
005 20260413034129.0
008 260408b |||||||| |||| 00| 0 eng d
040 _bEnglish.
_cCvSU-CCAT Campus Library.
_erda.
050 _aUM HF 5429.215.R5
_bC66 2023
100 _aConcepcion, Sheila Mae, author.
_920360
245 _aFactors that influence the growth of selected registered rice retailing businesses in the first district of Cavite /
_cSheila Mae Concepcion, Zandra Anne Patricia P. Manuel, Jhenica A. Veniciano.
260 _aRosario, Cavite :
_bCavite State University-CCAT Campus,
_c2023.
300 _aii, 105 leaves :
_billustrations ;
_c28 cm
500 _aUndergraduate Thesis (BSBA) -- Cavite State University-CCAT Campus, 2023.
504 _aIncludes bibliographical references and appendices.
546 _aIn English text
650 _aRetail trade
_91564
650 _aPrice trade
_920361
650 _aSmall business -- Management
_98827
650 _aEntrepreneurship
_9136
650 _aCavite (Philippines) -- Commerce
_918868
700 _aManuel, Zandra Anne Patricia P., author.
_920362
700 _aVenicario, Jhenica A., author.
_920363
700 _aAbad, Juvie B., adviser.
_96672
700 _aAmbas, Arman M., technical critic.
_96668
942 _2lcc
_cT/M/D
_hHF 5429.215.R5 C66 2023
_kUM
999 _c5153
_d5153